| 000 | 01802cam a2200445 a 4500 | ||
|---|---|---|---|
| 999 |
_c6538 _d6538 |
||
| 001 | 15205682 | ||
| 003 | GZU | ||
| 005 | 20210426122123.0 | ||
| 008 | 080305m20052008rh a 000 0 eng | ||
| 010 | _a 2008315053 | ||
| 020 | _a0797430555 ([bk. 1]) | ||
| 020 | _a9780797437166 (bk. 2) | ||
| 020 | _a9780797438194 (bk. 3) | ||
| 020 | _a9780797445741 (bk. 4) | ||
| 040 |
_aDLC _cDLC _dDLC |
||
| 041 | 0 |
_aeng _asna |
|
| 042 |
_apcc _alcode |
||
| 043 | _af-rh--- | ||
| 050 | 0 | 0 |
_aHQ799.Z55 _bSIY 2005 |
| 100 | 1 |
_aSiyachitema, Rose. _eauthor |
|
| 245 | 1 | 0 |
_aMbuya nemuzukuru : _ba girl's journey to adolescence in Zimbabwe / _cby Rose Siyachitema. |
| 246 | 3 | 1 | _aGirl's journey to adolescence in Zimbabwe |
| 246 | 1 |
_iBook 3 and 4 have additional title: _aRungano rwekuwanikwa kwemwanasikana muZimbabwe |
|
| 260 |
_aGweru, Zimbabwe : _bGalaxy of Arts Publications, _c2005 -<2011> |
||
| 300 |
_av. <1-4> : _bill. ; _c21 cm. |
||
| 490 | 0 | _aReviving African culture for today's women | |
| 500 | _aBook <2-4> published: Gweru, Zimbabwe : B H Publications. | ||
| 505 | 1 | _aFirst book is unnumbered. | |
| 546 | _aEnglish and Shona. | ||
| 650 | 0 |
_aTeenage girls _zZimbabwe. |
|
| 650 | 0 |
_aAdolescence _zZimbabwe. |
|
| 650 | 0 |
_aPuberty _zZimbabwe. |
|
| 651 | 0 |
_aZimbabwe _xSocial life and customs. |
|
| 906 |
_a7 _bcbc _corigode _d3 _encip _f20 _gy-gencatlg |
||
| 942 |
_2lcc _cBK _h799.Z55 _iSIY _kHQ |
||